UBT Library

Shakespeare's tragedy of Othello, (Record no. 39936)

000 -LEADER
fixed length control field 00614cam a22002293 4500
001 - CONTROL NUMBER
control field 12092227
005 - DATE AND TIME OF LATEST TRANSACTION
control field 20180109075746.0
008 - FIXED-LENGTH DATA ELEMENTS--GENERAL INFORMATION
fixed length control field 830616s1879 nyua 000 1 eng
010 ## - LIBRARY OF CONGRESS CONTROL NUMBER
LC control number 22000391
035 ## - SYSTEM CONTROL NUMBER
System control number (DLC) 22000391
040 ## - CATALOGING SOURCE
Original cataloging agency DLC
Transcribing agency CarP
Modifying agency DLC
041 ## - LANGUAGE CODE
Language code of text/sound track or separate title eng
080 ## - UNIVERSAL DECIMAL CLASSIFICATION NUMBER
Universal Decimal Classification number 82 ROL
082 ## - DEWEY DECIMAL CLASSIFICATION NUMBER
Classification number 82 ROL
100 1# - Rafti
Rafti 21
101 ## - Shkurtesa
Shkurtesa GJL
245 00 - TITLE STATEMENT
Title Shakespeare's tragedy of Othello,
530 ## - ADDITIONAL PHYSICAL FORM AVAILABLE NOTE
Additional physical form available note Also available in digital form on the Internet Archive Web site.
740 0# - ADDED ENTRY--UNCONTROLLED RELATED/ANALYTICAL TITLE
Uncontrolled related/analytical title Othello.
906 ## - LOCAL DATA ELEMENT F, LDF (RLIN)
a 0
b cbc
c premunv
d u
e ncip
f 19
g y-gencatlg
942 ## - ADDED ENTRY ELEMENTS (KOHA)
Source of classification or shelving scheme
Item type Books
Holdings
Withdrawn status Lost status Source of classification or shelving scheme Damaged status Not for loan Collection code Permanent location Current location Shelving location Date acquired Total Checkouts Full call number Barcode Date last seen Price effective from Koha item type
          Koleksioni i përgjithshem UBT - Lipjan UBT - Lipjan Koleksioni i përgjithshem 01/09/2018   82 ROL 002-2995186 01/09/2018 01/09/2018 Books
UBT Library © 2015-2024. All rights reserved University Education for Business and Technology